00904cam a2200253 a 45000010008000000030009000080050017000170080041000340100017000750200027000920250014001190400028001330430012001610500023001730820021001962450106002172600057003233000058003805000027004385040039004656510028005047000029005328560089005611474899BDDh-ASL20231015025933.0860620s1986 ii b 001 0 eng  a 86900004  a0195617282 :cRs230.00 aI E 52426 aDLCcDLCdDLCdBDDh-ASL aa-ii---00aDS486.D3bD44 198600a954.56219bDEL 00aDelhi through the ages :bessays in urban history, culture, and society /cedited by R.E. Frykenberg. aDelhi ;aNew York :bOxford University Press,c1986. axli, 524 p., [8] p. of plates :bill., maps ;c22 cm. aMaps on lining papers. aIncludes bibliographies and index. 0aDelhi (India)xHistory.1 aFrykenberg, Robert Eric.423Publisher descriptionuhttp://www.loc.gov/catdir/enhancements/fy0636/86900004-d.html